000 00708nam a2200217 i 4500
001 60532
003 ES-MaACL
005 20250825025147.0
007 t|
008 031105s1972 sp ||||1| spa d
020 _a84-600-5527-2
100 1 _aEscolar Sobrino, Hipólito.
_947607
245 1 0 _aHistoria del libro en cinco mil palabras /
_cHipólito Escolar Sobrino.
260 _aMadrid :
_bAsociación Nacional de Bibliotecarios, Archiveros y Arqueólogos,
_c1972.
300 _a60 p., 8 lám. ;
_c22 cm.
500 _aDed. autógr. del autor.
650 7 _aLibros-
_vHistoria
_2
_9168346
852 _aES-MaACL
_jC-51312
_bR.85352
852 _aES-MaACL
_jL-10641
_bR.111305
999 _c60532
_d60532